Continuing to learn : (Record no. 18520)
[ view plain ]
| 000 -LEADER | |
|---|---|
| fixed length control field | 00479nam a2200133 a 4500 |
| 040 ## - CATALOGING SOURCE | |
| Transcribing agency | DLC |
| 082 00 - DEWEY DECIMAL CLASSIFICATION NUMBER | |
| Classification number | 371 REG 1987 C146 Or. |
| 245 00 - TITLE STATEMENT | |
| Title | Continuing to learn : |
| Remainder of title | a guidebook for teacher development / |
| 260 ## - PUBLICATION, DISTRIBUTION, ETC. (IMPRINT) | |
| Place of publication | Andover, Mass. : |
| Name of publisher | Regional Laboratory for Educational Improvement of Northeast and Islands ; |
| Place of publication | Oxford, Ohio : |
| Name of publisher | National Staff Development Council, |
| Year of publication | c1987. |
| 300 ## - PHYSICAL DESCRIPTION | |
| Number of Pages | 175 p. ; |
| Dimensions | 23 cm. |
| 650 #0 - SUBJECT ADDED ENTRY--TOPICAL TERM | |
| Topical Term | Teachers |
| 700 2# - ADDED ENTRY--PERSONAL NAME | |
| Personal name | Loucks-Horsley, Susan. |
| 942 ## - ADDED ENTRY ELEMENTS (KOHA) | |
| Koha item type | ADB |
| 952 ## - LOCATION AND ITEM INFORMATION (KOHA) | |
| Withdrawn status [LOCAL, KOHA] | 0 |
| Source of acquisition | Permanent Location | Date acquired | Koha item type | Lost status | Shelving location | Current Location | Full call number |
|---|---|---|---|---|---|---|---|
| A33022 | Library Block C | 2019-12-16 | សៀវភៅភាសាអង់គ្លេស | C146 | Library Block C | 371 REG 1987 C146 Or. |